000 01088nam a2200313 i 4500
003 DO-SdBNP
005 20240827154439.0
007 ta
008 240827s1987 sp 000 spa d
020 _a8401333431
040 _aDO-SdBNP
_bspa
_cBNPHU
_erda
082 _222
_bO12f
100 1 _aObiols, Raimon
_eautor
_986448
240 _aEls futurs imperfectes /
_lcat
245 1 4 _aLos futuros imperfectos :
_buna aproximación a los sueños y a los deseos viables de la izquierda /
_cRaimon Obiols ; traducción de Carolina Roses Declos
250 _a1a. edición
264 1 _aBarcelona, España :
_bEditora Plaza & James,
_c1987.
300 _a196 páginas
_c22 cm.
336 _2rdacontent
_atexto
_btxt
337 _2rdamedia
_asin mediación
_bn
338 _2rdacarrier
_avolumen
_bnc
490 1 _aEpoca
_v1
500 _aIncluye datos biografícos del autor en la solapa de la portada.
500 _aIncluye índice onomástico.
590 _aInventariado,2024/ YL
700 1 _aRoses Declos, Carolina
_etraducción
_986419
910 _aYLockward
942 _2ddc
_cLBS1
999 _c57565
_d57565